000 01217nam a2200241 a 4500
001 70732
003 BD-RjUL
005 20260510120109.0
008 170419s2002 bg a|||| |||| 000 0 ben d
020 _c: Tk. 75.00
035 _a(BD-RjUL)70946
040 _aBD-RjUL
_bben
_cBD-RjUL
_dBD-RjUL
041 _aben
082 _223
_a954.920592
_bRAS 2002
100 1 _aরহিম, মোহাম্মদ আব্দুর
_9209368
245 1 0 _aশহীদ প্রেসিডেন্ট জিয়াউর রহমান :
_b বাংলাদেশী জাতীয়তাবাদ ও ইসলামী মূল্যবোধ প্রতিষ্ঠায় তাঁর অবদান /
_cমোহাম্মদ আব্দুর রহিম
260 _aবগুড়া :
_bহুমাইরা প্রকাশনী,
_c২০০২ [১৪০৯]
300 _a১৪৪ পৃ. :
_bচিত্র. ;
_c২৭ সেমি.
504 _aগ্রন্থপঞ্জি সংযুক্ত
600 _aরহমান, জিয়াউর
_d১৯৩৬-১৯৮১
_xজীবনী
_918428
600 _aRahaman, Ziaur
_d1936-1981
_xBiography
_918429
942 _2ddc
_cBK
999 _c70732
_d70732